[Event "Sabaneta op-A 1st"]
[Site "Sabaneta"]
[Date "2022.11.30"]
[Round "8"]
[White "Conti, Julian"]
[Black "Giraldo, Emanuel"]
[Result "1/2-1/2"]
[WhiteElo "1890"]
[BlackElo "1766"]
[PlyCount "159"]
[EventDate "2022.11.25"]
[EventType "swiss"]
[EventRounds "10"]
[EventCountry "COL"]
[SourceTitle "CBM 211 Extra"]
[Source "ChessBase"]
[SourceDate "2023.01.31"]
[SourceVersion "1"]
[SourceVersionDate "2023.01.31"]
[SourceQuality "1"]

1. e4 d6 2. d4 Nf6 3. Nc3 g6 4. f4 Bg7 5. Nf3 c5 6. dxc5 Qa5 7. Bd3 Qxc5 8. Qe2 0-0 9. a3 Nc6 10. Be3 Qa5 11. 0-0-0 a6 12. Bd2 Bg4 13. Qf2 Qc7 14. Nd5 Nxd5 15. exd5 Na5 16. Kb1 Nc4 17. Bc1 Nxa3+ 18. bxa3 Qc3 19. Ka2 Rfc8 20. Ne5 Bxd1 21. Bb2 Qc7 22. Rxd1 dxe5 23. f5 e4 24. Bxg7 exd3 25. Bb2 Qxc2 26. Rd2 Qc4+ 27. Ka1 Qxd5 28. fxg6 fxg6 29. Qe3 Rf8 30. Rd1 e5 31. h4 Rae8 32. h5 Qxg2 33. hxg6 hxg6 34. Qxd3 Rf2 35. Qc4+ Kf8 36. Qc5+ Kg7 37. Rd7+ Kf6 38. Qd6+ Re6 39. Qf8+ Kg5 40. Bc1+ Kg4 41. Qc8 Qc6 42. Rc7 Qd6 43. Rc4+ Rf4 44. Rc3 Rf3 45. Rc4+ Kg3 46. Qxb7 Rxa3+ 47. Kb2 Qd3 48. Rc2 Ra2+ 49. Kxa2 Qxc2+ 50. Bb2 Qc4+ 51. Kb1 Qd3+ 52. Ka2 e4 53. Qc7+ Qd6 54. Qc3+ e3 55. Qe1+ Kg4 56. Qe2+ Kf5 57. Qf3+ Kg5 58. Qg2+ Kf4 59. Qf1+ Ke4 60. Qc4+ Kf5 61. Qf1+ Qf4 62. Qh3+ Qg4 63. Qf1+ Kg5 64. Qc1 Qa4+ 65. Kb1 Qe4+ 66. Ka2 Qd5+ 67. Ka1 Qd2 68. Qc5+ Kh6 69. Qf8+ Kh5 70. Qf3+ Kh4 71. Qf4+ Kh3 72. Qf3+ Kh2 73. Qf4+ Kh1 74. Qf1+ Kh2 75. Qf4+ Kh3 76. Qf3+ Kh4 77. Qf4+ Kh5 78. Qf3+ Kh4 79. Qf4+ Kh3 80. Qf3+ 1/2-1/2

[Event "Medellin Raza Cup"]
[Site "Medellin"]
[Date "2022.10.23"]
[Round "10"]
[White "Molina Ballesteros, Juan Sebastian"]
[Black "Giraldo, Emanuel"]
[Result "1/2-1/2"]
[WhiteElo "1819"]
[BlackElo "1746"]
[PlyCount "58"]
[EventDate "2022.10.19"]
[EventType "swiss"]
[EventRounds "10"]
[EventCountry "COL"]
[SourceTitle "EXT 2024"]
[Source "ChessBase"]
[SourceDate "2023.10.10"]
[SourceVersion "1"]
[SourceVersionDate "2023.10.10"]
[SourceQuality "1"]

1. e4 d6 2. d4 Nf6 3. Nc3 g6 4. Be2 Bg7 5. Nf3 0-0 6. h3 Nc6 7. Be3 e5 8. d5 Ne7 9. g4 c6 10. dxc6 bxc6 11. Qd2 d5 12. exd5 Nfxd5 13. Bc5 Qa5 14. b4 Qc7 15. Bc4 Rd8 16. Rd1 Be6 17. Bxd5 Nxd5 18. Nxd5 Bxd5 19. Qe3 Bh6 20. Qxh6 Bxf3 21. Rxd8+ Qxd8 22. 0-0 Qd5 23. Qe3 h5 24. c4 Qe4 25. Qxe4 Bxe4 26. Re1 Bd3 27. Rxe5 hxg4 28. hxg4 Bxc4 29. a3 a5 1/2-1/2

[Event "Medellin Raza Cup"]
[Site "Medellin"]
[Date "2022.10.20"]
[Round "3"]
[White "Giraldo, Emanuel"]
[Black "Alzate Velez, Valentin"]
[Result "1-0"]
[WhiteElo "1746"]
[BlackElo "1324"]
[PlyCount "53"]
[EventDate "2022.10.19"]
[EventType "swiss"]
[EventRounds "10"]
[EventCountry "COL"]
[SourceTitle "EXT 2024"]
[Source "ChessBase"]
[SourceDate "2023.10.10"]
[SourceVersion "1"]
[SourceVersionDate "2023.10.10"]
[SourceQuality "1"]

1. e4 c5 2. Nf3 Nc6 3. d4 cxd4 4. Nxd4 g6 5. Be3 Bg7 6. Nc3 d6 7. Qd2 Nf6 8. f3 Bd7 9. g4 Rc8 10. 0-0-0 a6 11. h4 h5 12. g5 Nh7 13. Kb1 Ne5 14. Be2 b5 15. Rhf1 e6 16. f4 b4 17. Ncb5 axb5 18. Nxb5 Bxb5 19. Bxb5+ Nd7 20. Qxd6 Nhf8 21. Bc5 f6 22. f5 gxf5 23. exf5 e5 24. g6 Nxg6 25. fxg6 Bf8 26. Qe6+ Be7 27. Qf7# 1-0

[Event "Medellin Feria de las Flores op"]
[Site "Medellin"]
[Date "2022.08.07"]
[Round "9"]
[White "Lopez Rayo, Isabella"]
[Black "Giraldo, Emanuel"]
[Result "1-0"]
[WhiteElo "1869"]
[BlackElo "1734"]
[PlyCount "39"]
[EventDate "2022.08.03"]
[EventType "swiss"]
[EventRounds "9"]
[EventCountry "COL"]
[SourceTitle "CBM 209 Extra"]
[Source "ChessBase"]
[SourceDate "2022.09.30"]
[SourceVersion "1"]
[SourceVersionDate "2022.09.30"]
[SourceQuality "1"]

1. e4 d6 2. d4 Nf6 3. Nc3 g6 4. Bg5 Bg7 5. e5 Nfd7 6. f4 0-0 7. Bc4 Nb6 8. Bb3 Nc6 9. Nf3 Bg4 10. 0-0 dxe5 11. dxe5 Qxd1 12. Raxd1 h6 13. Bh4 Bxf3 14. Rxf3 g5 15. fxg5 hxg5 16. Bxg5 Bxe5 17. Bh6 Nd4 18. Re3 Nf5 19. Rxe5 Nxh6 20. Rxe7 1-0

[Event "COL-ch U18"]
[Site "Medellin"]
[Date "2022.06.05"]
[Round "9"]
[White "Varela Sanchez, David Yoel"]
[Black "Giraldo, Emanuel"]
[Result "0-1"]
[WhiteElo "1286"]
[BlackElo "1680"]
[PlyCount "58"]
[EventDate "2022.06.01"]
[EventType "swiss"]
[EventRounds "9"]
[EventCountry "COL"]
[SourceTitle "CBM 208 Extra"]
[Source "ChessBase"]
[SourceDate "2022.07.31"]
[SourceVersion "1"]
[SourceVersionDate "2022.07.31"]
[SourceQuality "1"]

1. e4 d6 2. d4 Nf6 3. Nc3 g6 4. f4 Bg7 5. Nf3 0-0 6. Bd3 Na6 7. a3 c5 8. 0-0 cxd4 9. Nxd4 Qb6 10. Be3 Ng4 11. Nf5 Nxe3 12. Nxe3 Qxe3+ 13. Kh1 Bxc3 14. bxc3 Nc5 15. Rf3 Nxd3 16. cxd3 Qc5 17. d4 Qh5 18. Qd3 d5 19. f5 dxe4 20. Qxe4 Bxf5 21. Qxe7 Rae8 22. Qd6 Be4 23. Rg3 Qf5 24. h4 Re6 25. Qc7 Rc6 26. Qe7 Qf4 27. Rh3 Qg4 28. Rh2 Rxc3 29. Re1 Re3 0-1

[Event "COL-ch U18"]
[Site "Medellin"]
[Date "2022.06.03"]
[Round "4"]
[White "Giraldo, Emanuel"]
[Black "Norena Marin, Jeronimo"]
[Result "1-0"]
[WhiteElo "1680"]
[BlackElo "1370"]
[PlyCount "68"]
[EventDate "2022.06.01"]
[EventType "swiss"]
[EventRounds "9"]
[EventCountry "COL"]
[SourceTitle "CBM 208 Extra"]
[Source "ChessBase"]
[SourceDate "2022.07.31"]
[SourceVersion "1"]
[SourceVersionDate "2022.07.31"]
[SourceQuality "1"]

1. e4 d5 2. exd5 Nf6 3. Be2 Nxd5 4. d4 Bf5 5. Nf3 e6 6. a3 a6 7. c4 Nf6 8. Nc3 Nbd7 9. 0-0 g6 10. d5 Bg7 11. Nd4 h5 12. dxe6 fxe6 13. Nxf5 exf5 14. Bf3 Nc5 15. Re1+ Kf7 16. Bg5 Qxd1 17. Raxd1 Rhe8 18. Nd5 Nxd5 19. Bxd5+ Kf8 20. b4 Ne4 21. Bxe4 fxe4 22. Rd7 Rac8 23. c5 Be5 24. g3 Bb2 25. Rb1 Bg7 26. Rb3 b6 27. f3 exf3 28. Rxf3+ Kg8 29. Rff7 Bc3 30. Bf6 Bxf6 31. Rxf6 Re1+ 32. Kg2 Rce8 33. Rxg6+ Kf8 34. cxb6 cxb6 1-0

[Event "COL-ch U16"]
[Site "Villavicencio"]
[Date "2022.05.14"]
[Round "6"]
[White "Giraldo, Emanuel"]
[Black "Cordoba Roa, Angel Gabriel"]
[Result "0-1"]
[WhiteElo "1724"]
[BlackElo "2226"]
[PlyCount "82"]
[EventDate "2022.05.11"]
[EventType "swiss"]
[EventRounds "9"]
[EventCountry "COL"]
[SourceTitle "CBM 208 Extra"]
[Source "ChessBase"]
[SourceDate "2022.07.31"]
[SourceVersion "1"]
[SourceVersionDate "2022.07.31"]
[SourceQuality "1"]

1. e4 c5 2. Nf3 d6 3. d4 cxd4 4. Nxd4 Nf6 5. Nc3 g6 6. Be3 Bg7 7. f3 a6 8. Qd2 h5 9. 0-0-0 b5 10. Kb1 Nbd7 11. h3 Bb7 12. Bd3 h4 13. Rhe1 Rc8 14. Bg1 Nc5 15. e5 dxe5 16. Rxe5 Nxd3 17. Qxd3 Nd5 18. Ree1 Nxc3+ 19. bxc3 0-0 20. Nb3 Bxc3 21. Re3 Qc7 22. Qe2 e6 23. Red3 Bd5 24. Qf2 Bg7 25. Qd2 Rfd8 26. Be3 Bc3 27. Qf2 Bxb3 28. Rxd8+ Rxd8 29. Rxd8+ Qxd8 30. cxb3 Qd3+ 31. Kc1 Bb4 32. Bd4 Ba3+ 33. Bb2 Qc3+ 34. Kb1 Bxb2 35. Qxb2 Qxb2+ 36. Kxb2 e5 37. Kc3 f5 38. Kb4 Kf7 39. Kc5 Ke6 40. a3 g5 41. b4 e4 0-1

[Event "Medellin Easter op 10th"]
[Site "Medellin"]
[Date "2022.04.16"]
[Round "7"]
[White "Arenas Vanegas, David"]
[Black "Giraldo, Emanuel"]
[Result "1-0"]
[WhiteElo "2453"]
[BlackElo "1689"]
[PlyCount "79"]
[EventDate "2022.04.13"]
[EventType "swiss"]
[EventRounds "8"]
[EventCountry "COL"]
[SourceTitle "CBM 207 Extra"]
[Source "ChessBase"]
[SourceDate "2022.05.31"]
[SourceVersion "1"]
[SourceVersionDate "2022.05.31"]
[SourceQuality "1"]

1. c4 Nf6 2. Nc3 g6 3. g3 Bg7 4. Bg2 c5 5. e4 Nc6 6. Nge2 d6 7. 0-0 0-0 8. a3 Bg4 9. h3 Bxe2 10. Nxe2 Nd7 11. Rb1 Qc7 12. d3 Nd4 13. Nc3 Rab8 14. Nd5 Qd8 15. b4 b5 16. cxb5 Nxb5 17. bxc5 e6 18. c6 exd5 19. cxd7 Qxd7 20. Qa4 Rb7 21. exd5 Rfb8 22. Bf4 Qf5 23. Rb3 g5 24. Be3 Nc3 25. Rxb7 Rxb7 26. Qe8+ Bf8 27. Qc6 Rb3 28. a4 Ne2+ 29. Kh2 Rxd3 30. Bxa7 Rd2 31. Qc4 Rc2 32. Qb3 h5 33. Qf3 Qxf3 34. Bxf3 Nc3 35. a5 g4 36. hxg4 hxg4 37. Bxg4 Nxd5 38. Ra1 Bg7 39. Rd1 Rc7 40. Bb8 1-0

[Event "Medellin Easter op 10th"]
[Site "Medellin"]
[Date "2022.04.14"]
[Round "3"]
[White "Valle, Efrain"]
[Black "Giraldo, Emanuel"]
[Result "1/2-1/2"]
[WhiteElo "2008"]
[BlackElo "1689"]
[PlyCount "31"]
[EventDate "2022.04.13"]
[EventType "swiss"]
[EventRounds "8"]
[EventCountry "COL"]
[SourceTitle "CBM 207 Extra"]
[Source "ChessBase"]
[SourceDate "2022.05.31"]
[SourceVersion "1"]
[SourceVersionDate "2022.05.31"]
[SourceQuality "1"]

1. e4 d6 2. Bc4 Nf6 3. c3 c6 4. d3 e5 5. Nf3 g6 6. Ng5 d5 7. Bb3 Bg7 8. 0-0 0-0 9. f4 exf4 10. Bxf4 h6 11. Nf3 dxe4 12. Ne5 g5 13. Bg3 exd3 14. Rf3 Bg4 15. Qxd3 Qxd3 16. Rxd3 1/2-1/2

[Event "COL-ch U2000"]
[Site "Pereira"]
[Date "2022.02.20"]
[Round "8"]
[White "Giraldo, Emanuel"]
[Black "Bolanos Lopez, Juan Jacobo"]
[Result "1-0"]
[WhiteElo "1663"]
[BlackElo "1790"]
[PlyCount "61"]
[EventDate "2022.02.16"]
[EventType "swiss"]
[EventRounds "9"]
[EventCountry "COL"]
[SourceTitle "CBM 207 Extra"]
[Source "ChessBase"]
[SourceDate "2022.05.31"]
[SourceVersion "1"]
[SourceVersionDate "2022.05.31"]
[SourceQuality "1"]

1. e4 c5 2. Nf3 e6 3. d4 cxd4 4. Nxd4 a6 5. Bd3 Nf6 6. 0-0 d6 7. Qe2 Be7 8. c4 0-0 9. Nc3 Qc7 10. Kh1 Nbd7 11. f4 Rd8 12. g4 Nc5 13. Bc2 d5 14. exd5 exd5 15. g5 dxc4 16. gxf6 Bxf6 17. Nd5 Qd6 18. Nxf6+ Qxf6 19. Re1 g6 20. Qe5 Qxe5 21. Rxe5 b6 22. Be3 h6 23. Bf2 f6 24. Re7 Bb7+ 25. Kg1 f5 26. Ne6 Nxe6 27. Rxe6 Rd2 28. Rxg6+ Kf7 29. Bxf5 Rxb2 30. Bd4 Rd2 31. Bc3 1-0

[Event "Medellin Luces op"]
[Site "Medellin"]
[Date "2021.12.19"]
[Round "5"]
[White "Giraldo, Emanuel"]
[Black "Montoya Echeverri, Sebastian"]
[Result "1/2-1/2"]
[WhiteElo "1605"]
[BlackElo "1655"]
[PlyCount "49"]
[EventDate "2021.12.17"]
[EventType "swiss"]
[EventRounds "7"]
[EventCountry "COL"]
[SourceTitle "CBM 206 Extra"]
[Source "ChessBase"]
[SourceDate "2022.03.31"]
[SourceVersion "1"]
[SourceVersionDate "2022.03.31"]
[SourceQuality "1"]

1. e4 g6 2. d4 d6 3. Nc3 Bg7 4. f4 Nf6 5. Nf3 c5 6. Bb5+ Bd7 7. e5 Ng4 8. Bxd7+ Qxd7 9. d5 dxe5 10. h3 e4 11. Nxe4 Nf6 12. Nxf6+ Bxf6 13. 0-0 0-0 14. Be3 Rd8 15. c4 e6 16. Bxc5 exd5 17. Bd4 Bxd4+ 18. Qxd4 Nc6 19. Qxd5 Qxd5 20. cxd5 Rxd5 21. Rfd1 Rad8 22. Rxd5 Rxd5 23. Kf2 f6 24. Ke2 Kf7 25. Rc1 1/2-1/2

[Event "Medellin Luces op"]
[Site "Medellin"]
[Date "2020.12.12"]
[Round "2"]
[White "Giraldo, Emanuel"]
[Black "Luna Monsalve, Sofia"]
[Result "1-0"]
[WhiteElo "1580"]
[BlackElo "1167"]
[PlyCount "77"]
[EventDate "2020.12.12"]
[EventType "swiss"]
[EventRounds "7"]
[EventCountry "COL"]
[SourceTitle "CBM 199 Extra"]
[Source "ChessBase"]
[SourceDate "2021.01.31"]
[SourceVersion "1"]
[SourceVersionDate "2021.01.31"]
[SourceQuality "1"]

1. e4 c5 2. Nf3 d6 3. Bb5+ Nd7 4. a4 a6 5. Bc4 Ngf6 6. d3 e6 7. 0-0 Be7 8. h3 0-0 9. Bf4 h6 10. c3 b6 11. Re1 Bb7 12. Nbd2 d5 13. Bb3 Rc8 14. Qe2 Re8 15. Rad1 b5 16. axb5 axb5 17. Ra1 c4 18. Bc2 Nc5 19. e5 Nfd7 20. d4 Na6 21. Nh2 Nc7 22. Qg4 Kh8 23. Qh5 Kg8 24. Ng4 Bg5 25. Bxg5 Qxg5 26. Qxg5 hxg5 27. Nf3 f6 28. Ra7 Ba6 29. Kh2 Nb8 30. Ra1 Nc6 31. R1xa6 Nxa7 32. Rxa7 f5 33. Ne3 b4 34. Ba4 Rf8 35. Nxg5 f4 36. Ng4 bxc3 37. bxc3 Ra8 38. Rxc7 Rxa4 39. Nxe6 1-0

[Event "Medellin Aristizabal Cup"]
[Site "Medellin"]
[Date "2020.11.22"]
[Round "7"]
[White "Munoz, Miguel Angel"]
[Black "Giraldo, Emanuel"]
[Result "0-1"]
[WhiteElo "1699"]
[BlackElo "1622"]
[PlyCount "49"]
[EventDate "2020.11.18"]
[EventType "swiss"]
[EventRounds "7"]
[EventCountry "COL"]
[SourceTitle "CBM 199 Extra"]
[Source "ChessBase"]
[SourceDate "2021.01.31"]
[SourceVersion "1"]
[SourceVersionDate "2021.01.31"]
[SourceQuality "1"]

1. e4 d6 2. d4 Nf6 3. Nc3 g6 4. Be3 c6 5. Nf3 Bg7 6. h3 0-0 7. Bc4 b5 8. Bd3 Nbd7 9. 0-0 Nb6 10. Qe2 a5 11. e5 Nfd5 12. Nxd5 Nxd5 13. c4 Nxe3 14. Qxe3 Qb6 15. c5 dxc5 16. dxc5 Qc7 17. Rfe1 Be6 18. Ng5 Bd5 19. e6 Bxb2 20. Nxf7 Bxa1 21. Nh6+ Kg7 22. Ng4 Qf4 23. Rxa1 Qxe3 24. Nxe3 Bxe6 25. a3 0-1